Droits et libertés de l'avocat dans la Convention européenne des droits de l'homme / (Record no. 2588)

MARC details
000 -LEADER
fixed length control field 02519cam a2200493Ia 4500
001 - CONTROL NUMBER
control field ocm35694991
003 - CONTROL NUMBER IDENTIFIER
control field TZ-ArACH
005 - DATE AND TIME OF LATEST TRANSACTION
control field 20130710164244.0
008 - FIXED-LENGTH DATA ELEMENTS--GENERAL INFORMATION
fixed length control field 961008s1995 be 001 0 fre d
016 7# - NATIONAL BIBLIOGRAPHIC AGENCY CONTROL NUMBER
Record control number FRBNF374943730000000
Source FrPBN
020 ## - INTERNATIONAL STANDARD BOOK NUMBER
International Standard Book Number 2802706659
020 ## - INTERNATIONAL STANDARD BOOK NUMBER
International Standard Book Number 9782802706656
035 ## - SYSTEM CONTROL NUMBER
System control number (OCoLC)35694991
040 ## - CATALOGING SOURCE
Original cataloging agency FHR
Language of cataloging fre
Transcribing agency TZ-ArACH
Modifying agency FCI
-- MUQ
-- NLGGC
-- LGG
-- CHRRO
-- UQ1
-- BDF
041 ## - LANGUAGE CODE
Language code of text/sound track or separate title Fre
049 ## - LOCAL HOLDINGS (OCLC)
Holding library TZAA
050 14 - LIBRARY OF CONGRESS CALL NUMBER
Classification number KJC3704
Item number .R84
084 ## - OTHER CLASSIFICATION NUMBER
Classification number 86.16
Source of number bcl
100 1# - MAIN ENTRY--PERSONAL NAME
Personal name Rudloff, Séverine.
9 (RLIN) 12692
245 10 - TITLE STATEMENT
Title Droits et libertés de l'avocat dans la Convention européenne des droits de l'homme /
Statement of responsibility, etc Séverine Rudloff ; sous la dir. de Jean-François Flauss ; [publ. par l'Université Robert Schuman, Faculté de droit, de sciences politiques et de gestion].
260 ## - PUBLICATION, DISTRIBUTION, ETC. (IMPRINT)
Place of publication, distribution, etc Bruxelles :
Name of publisher, distributor, etc Bruylant,
Date of publication, distribution, etc 1995.
300 ## - PHYSICAL DESCRIPTION
Extent 198 p. ;
Dimensions 24 cm.
500 ## - GENERAL NOTE
General note Note de recherche présentée pour l'obtention du DEA de droit international.
504 ## - BIBLIOGRAPHY, ETC. NOTE
Bibliography, etc Bibliogr. p. 195-198. Index.
630 07 - SUBJECT ADDED ENTRY--UNIFORM TITLE
Uniform title Convention européenne des droits de l'homme
Date of treaty signing (1950).
Source of heading or term ram
9 (RLIN) 12685
630 06 - SUBJECT ADDED ENTRY--UNIFORM TITLE
Uniform title Convention européenne de sauvegarde des droits de l'homme et des libertés fondamentales
Date of treaty signing (1950)
9 (RLIN) 12686
630 00 - SUBJECT ADDED ENTRY--UNIFORM TITLE
Uniform title Convention for the Protection of Human Rights and Fundamental Freedoms
Date of treaty signing (1950)
9 (RLIN) 12687
630 07 - SUBJECT ADDED ENTRY--UNIFORM TITLE
Uniform title Convention de sauvegarde des droits de l'homme et des libertés fondamentales (1950)
Source of heading or term rasuqam
9 (RLIN) 12688
650 #7 - SUBJECT ADDED ENTRY--TOPICAL TERM
Topical term or geographic name as entry element Avocats
General subdivision Statut juridique
Geographic subdivision Europe.
Source of heading or term ram
9 (RLIN) 12693
650 #7 - SUBJECT ADDED ENTRY--TOPICAL TERM
Topical term or geographic name as entry element Droits de l'homme (droit européen).
9 (RLIN) 12694
650 #6 - SUBJECT ADDED ENTRY--TOPICAL TERM
Topical term or geographic name as entry element Avocats
General subdivision Droit
Geographic subdivision Europe
9 (RLIN) 12695
650 #0 - SUBJECT ADDED ENTRY--TOPICAL TERM
Topical term or geographic name as entry element Lawyers
Geographic subdivision Europe.
9 (RLIN) 12696
650 #7 - SUBJECT ADDED ENTRY--TOPICAL TERM
Topical term or geographic name as entry element Avocat
General subdivision liberté professionnelle
-- Convention européenne des droits de l'homme (1950 ; Rome)
Source of heading or term rero
9 (RLIN) 12697
650 #7 - SUBJECT ADDED ENTRY--TOPICAL TERM
Topical term or geographic name as entry element European Convention on Human rights
9 (RLIN) 12698
650 #7 - SUBJECT ADDED ENTRY--TOPICAL TERM
Topical term or geographic name as entry element Droit.
9 (RLIN) 12699
650 #7 - SUBJECT ADDED ENTRY--TOPICAL TERM
Topical term or geographic name as entry element Jurisprudence.
9 (RLIN) 12700
651 #7 - SUBJECT ADDED ENTRY--GEOGRAPHIC NAME
Geographic name Europe.
9 (RLIN) 12689
700 1# - ADDED ENTRY--PERSONAL NAME
Personal name Flauss, Jean-François,
Relator term dir.
9 (RLIN) 12691
710 2# - ADDED ENTRY--CORPORATE NAME
Corporate name or jurisdiction name as entry element Université Robert Schuman (Strasbourg).
Subordinate unit Faculté de droit, de sciences politiques et de gestion,
Relator term éd.
9 (RLIN) 12690
856 42 - ELECTRONIC LOCATION AND ACCESS
Materials specified Notice et cote du catalogue de la Bibliothèque nationale de France
Uniform Resource Identifier <a href="http://catalogue.bnf.fr/ark:/12148/cb37494373w">http://catalogue.bnf.fr/ark:/12148/cb37494373w</a>
942 ## - ADDED ENTRY ELEMENTS (KOHA)
Source of classification or shelving scheme Library of Congress Classification
Koha item type Books
Holdings
Home library Current library Shelving location Date acquired Full call number Barcode Koha item type
African Court on Human and Peoples' Rights Library African Court on Human and Peoples' Rights Library   10/07/2013 KJE3704 .R84 10030026 Books
African Court on Human and Peoples' Rights Library African Court on Human and Peoples' Rights Library   10/07/2013 KJE3704 .R84 10029982 Books

African Court on Human and Peoples' Rights | For Inquiries Contact » +255 272 510 510